01495nam a22003017a 4500003000400000005001700004008004100021040001100062082001400073100003400087245001400121260012900135300002300264490002600287505028100313505011200594505003000706505003000736505005000766505002200816650004500838650004400883650005500927650004400982942002501026999001501051952012701066OSt20230516104316.0230516b |||||||| |||| 00| 0 eng d cLado V 2708aK82f 9826aKontova, Helenaeeditora aFlashArt/ aAustraliaaAustriaaBelgicaaCanadaaFranciaaAlemaniaaGran BretañaaHolandaaItaliaaEspañaaIrlandabGEA POLITIc2002 a104p.c20.5x27.5cm a222vXXXIVx0394-1493 aFlash Art NewstNew York Contemporary Sales Whitney Biennial 2002 Vito Acconci Martin Creed won the Turner Prize Palais de Tokyo Opens in Paris At The Galleries Group Shows Theory Aperto Scotland New Voices in Curating IkNOW wHAT yOU dID Last Summer New York Cut Up aFeaturestAuraportarit Darren Almond Signature as Contet Didier Fiuza Faustino Kiki Seror Pil Collins aGlobal ArtrLina Bertucci aOuverturesrMelik Ohanian aSpotlightstCasino 2001 Form Follows Fiction aFlash Art Reviews 2Tesauro de Arte & ArquitecturaaCATALOGO 2Tesauro de Arte & ArquitecturaaREVISTA 2Tesauro de Arte & ArquitecturaaARTE INTERNACIONAL 2Tesauro de Arte & ArquitecturaaCRITICA 2ddcc1h708iK82fn0 c3566d3566 00102ddc3XXXIV40708RevistasaLVbLVd2023-05-16h222i002989l0o708 K82fp002989r2023-05-16 00:00:00w2023-05-16y1